Valparaíso

Guardat en:
Dades bibliogràfiques
Autor principal: Juffe, Andrea (Autor)
Format: Llibre
Idioma:espanyol
anglès
Publicat: Santiago Puelche 2004
Edició:1a. ed
Col·lecció:Destinos turísticos de Chile
Matèries:
Etiquetes: Afegir etiqueta
Sense etiquetes, Sigues el primer a etiquetar aquest registre!

MARC

LEADER 00000nam a2200000 a 4500
001 UCJ8774
003 CL-VaPUC
008 070124e20040000CL |||||||||||||||||spa|d
020 |a 9568332103 
041 0 7 |a spa  |2 CL-VaPUC 
041 0 7 |a eng  |2 CL-VaPUC 
082 0 4 |a 918.3  |b JUF  |2 21 
100 0 |a Juffe, Andrea  |e author  |9 517993 
245 1 0 |a Valparaíso 
246 1 0 |a Datos para el viajero. Travelling tips 
250 |a 1a. ed 
300 |a 88 p 
942 |c BK 
945 |d 20070124 00:00:00  |a fvergara 
260 |a Santiago  |b Puelche  |c 2004 
500 |a Esta guía bilingue contiene gran cantifdad de fotografías, planos y un mapa reversible, de Viña y Valparaíso 
500 |a Ofrece un detallado repertorio de los lugares de interés para conocer y disfrutar de ambas ciudades 
600 0 7 |a RAVANAL, SERGIO  |2 CL-VaPUC  |9 517994 
600 0 7 |a TEATRO MUNICIPAL  |2 CL-VaPUC  |9 266578 
600 0 7 |a CASINO MUNICIPAL DE VIÑA DEL MAR  |2 CL-VaPUC  |9 517995 
600 0 7 |a CLUB DE VIÑA DEL MAR  |2 CL-VaPUC  |9 517732 
600 0 7 |a PALACIO VERGARA  |2 CL-VaPUC  |9 517996 
650 0 |a Ciudades  |9 265474 
650 0 |a Valparaíso histórico  |9 266586 
650 7 |a PLANOS  |2 CL-VaPUC  |9 260106 
650 0 |a Monumentos  |9 265246 
650 0 |a Turismo  |9 308920 
650 0 |a Fotografías  |9 268494 
650 0 |a Ascensores  |9 267480 
650 0 |a Museos  |9 269209 
650 0 |a Costumbres y tradiciones   |9 268292 
651 0 |a Viña del Mar  |9 327030 
651 7 |a ISLA NEGRA  |2 CL-VaPUC  |9 471957 
651 7 |a VALLE DE ACONCAGUA  |2 CL-VaPUC  |9 473682 
651 7 |a ZAPALLAR  |2 CL-VaPUC  |9 368678 
651 0 |a Concón  |9 499913 
651 0 |a Valparaíso, Chile  |9 261144 
583 |a last modification  |c 20070124 00:00:00  |k Rodrigo Vera 
490 0 |a Destinos turísticos de Chile 
999 |c 324427  |d 324425 
952 |0 0  |1 0  |4 0  |6 918_300000000000000_JUF_2004  |7 0  |8 X  |9 404531  |a FDOBUD  |b FDOBUD  |d 2019-11-22  |i 1083813  |o 918.3 JUF 2004  |p 1083813  |r 2019-11-22  |w 2019-11-22  |y BK_X  |k BUD